00405nam a2200109 4500245005700000100002400057260004900081300002400130082001900154952010700173999001500280 aJane Austen and her predecessorscFrank W. Bradbrook aBradbrook, Frank W. aCambridgebCambridge University Presscc1967 aviii ,178p. ;22cm. a823.7bAUS/BRA 001040708ENGLaNEHUbNEHUd2011-11-18l0o823.7 AUS/BRApA2826r2011-11-18 00:00:00w2011-11-18yBK c1021d1021